00894cam a22002538a 450000500170000000800410001701000140005802000260007203500130009803700130011104000130012408200080013724501560014526000350030127000460033630000350038249000730041750400500049065000210054065000180056170000230057970000150060270000230061720080904162358.0070813s2007 nju b 001 0 eng  aENG-95406 a9788120338838c325.00 aEN-78939 bDBAD/PUB aDPLbeng a003 aSystems analysis and design /cedited by Roger H.L. Chiang ,Keng Siau [and] Bill C. Hardgravebtechniques, methodologies, approaches, and architectures aNew DelhibPHI Learning c2009 aM-97, Connaught CircusbNew Delhie110001 axiii, 240p.:c24cm (pbk)bill. aAdvances in management information systems ; edited byVlafimir Zwass ancludes bibliographical references and index. aSystem analysis. aSystem design aChiang, Roger H.L. aSiau, Keng aHardgrave, Bill C.